000 00222nam a2200097Ia 4500
008 240331s9999 xx 000 0 und d
082 _bJEE
100 _aJeevasundarai,B
245 0 _aMoovalur ramamirthan ammaiyar
942 _cL
999 _c4640
_d4640